00448 2200169 4500001002100000008004100021035002000062245003900082100002200121260004200143300002700185020002200212084001400234082000800248650001000256990001200266INLIS000000000001436 Ind  a0010-0924000033 aAsal Kau BahagiacBernard Batubara aBatubara, Bernard aJakartabPT. Falcon Interactivec2018 a260 hlm.c13,5 x 20 cm a978-602-6714-24-4 a813 BER a a813 aFiksi a0750937